000 00232nam a2200097Ia 4500
001 704658
005 20250826162415.0
008 250824s9999 xx 000 0 und d
245 0 _aUÇAN SINIF
_cERİCH KASTNER
260 _bCAN YAYINLARI
999 _c704658
_d704658